Statistics Explained / A Guide for Social Science Students (Record no. 2536)
[ view plain ]
| 000 -LEADER | |
|---|---|
| fixed length control field | 01349cam a22001934a 4500 |
| 005 - ΗΜΕΡΟΜΗΝΙΑ ΚΑΙ ΩΡΑ ΤΕΛΕΥΤΑΙΑΣ ΕΝΗΜΕΡΩΣΗΣ | |
| Πεδίο ελέγχου | 20250605164045.0 |
| 008 - FIXED-LENGTH DATA ELEMENTS--GENERAL INFORMATION | |
| Πεδίο ελέγχου σταθερού μήκους | 250528s ||||||||||||||||||||||||d |
| 035 ## - SYSTEM CONTROL NUMBER | |
| System control number | 17096 |
| 020 ## - ISBN | |
| ISBN | 415102863 |
| 040 ## - ΠΗΓΗ ΚΑΤΑΛΟΓΟΓΡΑΦΗΣΗΣ | |
| Φορέας πρωτότυπης καταλογογράφησης | MC Athens Campus Library |
| Γλώσσα καταλογογράφησης | Ελληνικά, Μοντέρνα (1453-) |
| Modifying agency | MC Athens Campus Library |
| Κανόνες περιγραφικής καταλογογράφησης | AACR2 |
| 245 1# - ΤΙΤΛΟΣ ΚΑΙ ΔΗΛΩΣΗ ΥΠΕΥΘΥΝΟΤΗΤΑΣ | |
| Τίτλος | Statistics Explained / A Guide for Social Science Students |
| 260 ## - PUBLICATION, DISTRIBUTION, ETC. | |
| Name of publisher, distributor, etc. | Rouledge, |
| Date of publication, distribution, etc. | 1998 |
| 300 ## - PHYSICAL DESCRIPTION | |
| Extent | 326 |
| 520 ## - SUMMARY, ETC. | |
| Summary, etc. | This book outlines the major statistical tests used by undergraduate in Psychology and the Social Sciences. Preface, Introduction, Descriptive Statistics, Standard Scores, Introduction to Hypothesis Testing, Sampling, Hypothesis Testing with a Sample, Selecting Samples for Comparison, Hypothesis Testing with Two Samples, Significance and Error and Power, Introduction to the Analysis of Variance, One Factor Independent Measures ANOVA, Multiple Comparisons, One Factor Repeated Measures ANOVA, The Interaction of Factors in the Analysis of Variance, Calculating the Two Factor ANOVA, An Introduction to Nonparametric Analysis, Two Sample Nonparametric Analysis, One Factor ANOVA for Ranked Data, Analyzing Frequency Data: Chi-Square, Linear Correlation and Regression, Multiple Correlation and Regression, Using Statistics Programs on Computers, Statistical Tables, Index. |
| 700 1# - ΠΡΟΣΘΕΤΗ ΑΝΑΓΡΑΦΗ--ΦΥΣΙΚΟ ΠΡΟΣΩΠΟ | |
| Personal name | Hinton Perry |
| 9 (RLIN) | 3236 |
| 942 ## - ADDED ENTRY ELEMENTS (KOHA) | |
| Koha item type | Books |
| Τύπος τεκμηρίου | Βιβλιοθήκη | Τρέχουσα τοποθεσία | Barcode | Αριθμός εισαγωγής | Ημερομηνία απόκτησης | Ταξιθετικό σύμβολο | Αριθμός αντιτύπου | Κατάσταση απόσυρσης | Κατάσταση χαμένου | Κατάσταση κατεστραμμένου | Μη δανεισμός | Σύνολο δανεισμών | Ημερομηνία τελευταίας εμφάνισης | Η τιμή ισχύει από |
|---|---|---|---|---|---|---|---|---|---|---|---|---|---|---|
| Books | MC Athens Campus Library | MC Athens Campus Library | 9780000025357 | 7511 | 05/06/2025 | 519.5 HIN | 1 | 05/06/2025 | 05/06/2025 |